| 000 | 00377nam a22001097a 4500 | ||
|---|---|---|---|
| 999 |
_c6535 _d6535 |
||
| 008 | 200206b ||||| |||| 00| 0 eng d | ||
| 020 | _a0765611287 | ||
| 082 | _a352. 140 097 3 WAT | ||
| 100 |
_aWATSON, DOUGLAS J. (ed) _cWATSON, DOUGLAS J. (ed)., AND HASSETT WENDY L. (ed) |
||
| 245 |
_aLOCAL GOVERNMENT: _bCURRENT ISSUES AND BEST PRACTICES |
||
| 260 |
_aNEW YORK, _bM.E. SHARPE, _c2003. |
||